000 00921nam a2200229 i 4500
001 152108
003 ES-MaACL
005 20250817043534.0
008 030506q1921 fr |||| | fre d
040 _aCAM
_bspa
_cCAM
080 _a017.1(443.61 P.):76
100 1 _aBouchot, Henri.
_9126103
245 1 3 _aLe Cabinet des estampes de la Bibliothèque Nationale
_b: guide du lecteur et du visiteur, catalogue générale et raisonné des collections qui y sont conservées /
_cpar Henri Bouchot.
260 _aParis :
_bE. Dentu,
_c[h. 1921] (
_eLille :
_fImp. L. Danel)
300 _a392 p. ;
_c23 cm.
596 _aE. Dentu parece que ejerce ca. 1861-1900.
650 0 7 _aGrabado-
_zBibliothèque Nationale (Francia)-
_vCatálogos
_2
_9162673
650 4 _aGrabado-
_vCatálogos.
_913145
710 2 _aBibliothèque nationale de France.
_92217
852 _aES-MaACL
_jG-5953
_z- Enc. hol.
999 _c152108
_d152108